000 00566nam a2200169Ia 4500
008 090711s9999 xx 000 0 und d
082 _b73834
100 _aघाणेकर प्र. के.
245 _aइथे महाराष्ट्र देशी
260 _c1994
300 _a212
600 _aघाणेकर प्र. के.
630 _aइथे महाराष्ट्र देशी
700 _aघाणेकर प्र. के.
730 _aइथे महाराष्ट्र देशी
942 _cBOOK
999 _c296281
_d296281